000 00238nam a2200097Ia 4500
008 170619s9999 xx 000 0 und d
100 _aSchneider- R D
245 0 _aMYSQL DATABASE DESIGN AND TUNING
260 _bPearson Education
260 _c2006
546 _aENGLISH
999 _c18805
_d18805